000 01295cam a2200277 4500
001 ##L122366
008 000000n2006 000 0 eng u
020 _a075453054X
_a9780754530541
035 _a(Sirsi) u122366
041 0 _aeng
050 0 4 _a346.42066 $2 18
100 1 _aWareham, Robert
245 0 0 _aTolley's company law handbook 2006
250 _a13th ed.
260 _aCroydon
_bLexisNexis Butterworths
_c2006
300 _aviii, 1090p.
_c23cm.
350 _a65
520 _aThis guide to company law provides details of the requirements for annual accounts and all day to day company administration matters, plus coverage of areas such as acquisition of own shares, memorandum and articles of association, distributions, insider dealing and company names. Includes all the latest company law developments up to and including 1 January 2006.
520 _aSuperceded by 2007 edition (ISBN: 9780754533160).
590 _aIKA230506
650 2 4 _aCOMPANIES (AUDIT, INVESTIGATION AND COMMUNITY ENTERPRISE) ACT 2004
650 2 4 _aCOMPANIES ACT 1985 (INTERNATIONAL ACCOUNTING STANDARDS AND OTHER ACCOUNTING AMENDMENTS) REGULATIONS 2004
650 2 4 _aEUROPEAN PUBLIC LIMITED-LIABILITY COMPANY REGULATIONS 2004
690 _aMANAGEMENT-BUSINESS MANAGEMENT
942 _n0
999 _c102836
_d102836